| 000 | 00758nam a22002177a 4500 | ||
|---|---|---|---|
| 001 | 2213 | ||
| 005 | 20231110103104.0 | ||
| 020 | _a9780007254187 | ||
| 040 |
_aFISKH _beng _cFISKH _dFISKH |
||
| 100 | _aChapman, Keith | ||
| 245 | _aAunt tulip's carnival / | ||
| 260 |
_aLondon : _bHarperCollins, _c2007 |
||
| 300 |
_a26 unnumbered pages : _c22x22 cm _billustrations |
||
| 505 | _aM | ||
| 520 | _aIt's carnival time in Flowertot Garden. Everybody is dashing around preparing for the big day. Fifi and Bumble are baking cakes, Primrose is painting and Violet is busy making herself beautiful. It is a celebration not to be missed. | ||
| 521 |
_a700 _bLexile estimate |
||
| 521 |
_aM _bRaz-Plus |
||
| 650 | _aFlower | ||
| 650 | _aBug | ||
| 942 |
_2ddc _cBK _n0 |
||
| 999 |
_c2213 _d2213 |
||